| 000 | 00569nam a2200181Ia 4500 | ||
|---|---|---|---|
| 008 | 240925s9999 xx 000 0 und d | ||
| 020 | _a9781484229842 | ||
| 082 | _a005.133 ACE | ||
| 100 | _aAcetozi, Jorge | ||
| 245 | 0 | _aPro java clustering and scalability: building real-time apps with spring, cassandra, redis, websocket and rabbitMQ | |
| 250 | _aNA | ||
| 260 |
_aNew York: _bApress _c,2017. |
||
| 300 |
_a703p. _b0 _fOriginal |
||
| 500 | _aIncludes Index | ||
| 600 | _aComputer Science | ||
| 650 | _aComputer science, information & general works | ||
| 942 | _cBK | ||
| 999 |
_c17545 _d17545 |
||